000 00448nam a2200181Ia 4500
008 100917s9999 xx 000 0 und d
082 _b59376
100 _aसाटम दत्ता
245 _aइभ्रत
260 _bविजय प्रकाशन
_c1957
300 _a71
365 _b1.5
520 _aनाटक
630 _aइभ्रत
650 _aनाटक
730 _aइभ्रत
942 _cBOOK
999 _c664770
_d664767